000 00338 a2200157 4500
001 190546
020 _a978-1-4052-3524-2
040 _cMagnum
100 _aHargreaves, Roger
240 1 0 _aLittle miss giggles
_lING
245 1 0 _aLittle miss giggles
300 _a32
362 0 _a1996
697 _aLITERATURA INGLESA
942 _cBK
999 _c190546
_d190546